Sports Quiz

Random Sports or Decade Quiz
Score 0/15 Timer 05:00
0 Plays Today
% Player % Correct
40.77%Reggie Miller, 1990-00 (4443 of 10897)
97.8%
21.74%Kobe Bryant, 2000-10 (3885 of 17868)
90.7%
22.82%Paul Pierce, 2000-10 (3963 of 17368)
89.6%
20.33%LeBron James, 2000-10 (2683 of 13195)
87.4%
20.29%Gary Payton, 1990-00 (2509 of 12368)
86.3%
24.17%John Stockton, 1990-00 (1888 of 7810)
78%
30.19%John Starks, 1990-00 (3319 of 10994)
74.2%
21.19%Scottie Pippen, 1990-00 (2209 of 10426)
73.1%
% Player % Correct
24.60%Joe Dumars, 1990-00 (2559 of 10401)
69.8%
23.65%Nick Anderson, 1990-00 (2710 of 11459)
59.9%
25.53%Mitch Richmond, 1990-00 (2483 of 9726)
58.8%
22.63%Dell Curry, 1990-00 (2154 of 9517)
58.8%
23.43%Dennis Scott, 1990-00 (2685 of 11459)
57.1%
28.63%Mookie Blaylock, 1990-00 (3374 of 11784)
43.4%
21.21%Doug Christie, 1990-00 (1221 of 5758)
26.4%
Remove Ads.
Support Sporcle.
Get the best of Sporcle when you Go Orange. This ad-free experience offers more features, more stats, and more fun while also helping to support Sporcle. Thank you for becoming a member.

You're not logged in!

Compare scores with friends on all Sporcle quizzes.
OR
Log In

Show Comments

Extras

Top Quizzes Today


Score Distribution

Your Account Isn't Verified!

In order to create a playlist on Sporcle, you need to verify the email address you used during registration. Go to your Sporcle Settings to finish the process.

Report this User

Report this user for behavior that violates our Community Guidelines.

Details: